000 00553nam a22001937a 4500
005 20251108164208.0
008 250721s1980 xx 000 0 ara d
082 1 4 _a020.6/إدا
100 1 _aالأمين، عبد الكريم
245 1 0 _aإدارة المكتبة /
264 1 _aبغداد :
_bالجامعة المستنصرية،
_c1980.
300 _a128ص.
650 1 7 _aعلم المكتبات
650 1 7 _aالإدارة
700 1 _aقنديلجي، عامر
700 1 _aقاسم، نزار
942 _2ddc
_cBK
999 _c6050
_d6050